[Event "27th Czech Open A 2016"]
[Site "Pardubice CZE"]
[Date "2016.07.23"]
[Round "2.46"]
[White "Dhanush, Bharadwaj"]
[Black "Grinberg, Eyal"]
[Result "0-1"]
[BlackTitle "FM"]
[WhiteElo "2296"]
[BlackElo "2431"]
[WhiteFideId "25058746"]
[BlackFideId "2806070"]
[EventDate "2016.07.22"]

1. c4 e5 2. g3 Nf6 3. Bg2 h6 4. Nc3 Bc5 5. e3 O-O 6. Nge2 a6 7. O-O d6 8. b3 Nc6
9. Bb2 Ba7 10. Nd5 Re8 11. d4 Bg4 12. dxe5 Nxd5 13. cxd5 Nxe5 14. Qc2 Qd7 15.
Kh1 Bf3 16. Bxe5 Bxg2+ 17. Kxg2 Rxe5 18. Rfd1 Rae8 19. Rac1 R8e7 20. Nf4 Bb6 21.
b4 Qb5 22. Qb3 a5 23. bxa5 Qxa5 24. a4 Re4 25. Rc4 Re8 26. h4 Rxc4 27. Qxc4 Ra8
28. Ra1 Bc5 29. Rb1 b6 30. Qe4 Qxa4 31. Qf5 Re8 32. g4 Qe4+ 33. Qxe4 Rxe4 34.
Kf3 Ra4 35. g5 hxg5 36. hxg5 g6 37. Ne2 Ra3 38. Ng3 Bd4 39. Ne4 Ra1 40. Rb4 Be5
41. Ke2 Ra2+ 42. Kf1 Kf8 43. f4 Ba1 44. Rc4 Ra7 45. Nf2 b5 46. Rb4 Rb7 47. Nd3
Bc3 48. Rb3 b4 49. Ke2 Ke7 50. Nc1 Ra7 51. Kd3 Ra1 52. Ne2 Rd1+ 53. Ke4 Be1 54.
Nd4 Rc1 55. Kf3 Rc5 56. Ke2 Bc3 57. Nc6+ Kd7 58. e4 Rxc6 59. dxc6+ Kxc6 60. Kd3
Kb5 61. Rb1 c5 62. Kc2 Bd4 63. Rh1 c4 64. f5 b3+ 65. Kd2 c3+ 66. Kd3 c2 67. fxg6
fxg6 68. Kd2 Be3+ 69. Kxe3 b2 0-1

[Event "27th Czech Open A 2016"]
[Site "Pardubice CZE"]
[Date "2016.07.23"]
[Round "2.47"]
[White "Sarkozy, Ladislav"]
[Black "Vetoshko, Volodymyr"]
[Result "1/2-1/2"]
[BlackTitle "IM"]
[WhiteElo "2292"]
[BlackElo "2430"]
[WhiteFideId "14900300"]
[BlackFideId "14122480"]
[EventDate "2016.07.22"]

1. e4 c5 2. Nf3 d6 3. d4 cxd4 4. Nxd4 Nf6 5. Nc3 e6 6. g4 h6 7. h4 e5 8. Nf5 g6
9. Nxh6 Bxh6 10. g5 Bg7 11. gxf6 Bxf6 12. h5 Be6 13. Qf3 Nc6 14. hxg6 Rxh1 15.
gxf7+ Bxf7 16. Qxh1 Nd4 17. Bd3 Bh4 18. Be3 Bh5 19. Bxd4 exd4 20. Be2 Qg5 21.
Bxh5+ Qxh5 22. Ne2 Qg5 23. Qh3 Ke7 24. Qf5 Qxf5 25. exf5 Rg8 1/2-1/2

[Event "27th Czech Open A 2016"]
[Site "Pardubice CZE"]
[Date "2016.07.23"]
[Round "2.48"]
[White "Zakhartsov, Vladimir"]
[Black "Chekletsov, Ilya"]
[Result "1/2-1/2"]
[WhiteTitle "IM"]
[BlackTitle "FM"]
[WhiteElo "2429"]
[BlackElo "2223"]
[WhiteFideId "4145097"]
[BlackFideId "24177156"]
[EventDate "2016.07.22"]

1. d4 Nf6 2. Nf3 e6 3. c4 b6 4. g3 Bb7 5. Bg2 Be7 6. Nc3 O-O 7. O-O Na6 8. Bf4
Ne4 9. Nxe4 Bxe4 10. Qa4 Qc8 11. Rfd1 f5 12. Rac1 c6 13. h4 Qb7 14. Qb3 d6 15.
Qe3 c5 16. dxc5 e5 17. Bg5 Nxc5 18. Bxe7 Qxe7 19. b4 Ne6 20. Ng5 Bxg2 21. Kxg2
f4 22. Qe4 Nxg5 23. hxg5 Qxg5 24. Rc3 fxg3 25. fxg3 Rad8 26. Rf3 Rxf3 27. exf3
Qf6 28. Qd5+ Qf7 29. Qxe5 dxe5 30. Rxd8+ Qf8 31. Rxf8+ Kxf8 32. Kh3 g6 33. Kg4
h6 34. f4 exf4 35. Kxf4 Ke7 36. c5 bxc5 37. bxc5 a5 38. c6 Kd6 39. c7 Kxc7 40.
Ke5 Kb6 41. Kf6 g5 42. Kg6 Kb5 43. Kxh6 g4 44. Kg5 Ka4 45. Kxg4 Ka3 46. Kf4 Kxa2
47. g4 a4 48. g5 a3 49. g6 Kb2 50. g7 a2 51. g8=Q a1=Q 52. Qg7+ Kb1 53. Qxa1+
Kxa1 1/2-1/2

[Event "27th Czech Open A 2016"]
[Site "Pardubice CZE"]
[Date "2016.07.23"]
[Round "2.49"]
[White "Gibicar, Danijel"]
[Black "Praggnanandhaa, R"]
[Result "0-1"]
[WhiteTitle "FM"]
[BlackTitle "FM"]
[WhiteElo "2291"]
[BlackElo "2429"]
[WhiteFideId "24660256"]
[BlackFideId "25059530"]
[EventDate "2016.07.22"]

1. e4 e5 2. Nf3 Nc6 3. Bb5 a6 4. Ba4 Nf6 5. d3 Bc5 6. O-O b5 7. Bb3 d6 8. a4 Rb8
9. axb5 axb5 10. c3 O-O 11. h3 h6 12. Re1 Re8 13. Nbd2 Bb6 14. Nf1 Ne7 15. Ng3
Ng6 16. d4 Bb7 17. dxe5 dxe5 18. Qc2 Ra8 19. Rxa8 Qxa8 20. Nh2 h5 21. h4 Nf4 22.
Nf3 Ng4 23. Be3 Bxe3 24. fxe3 Ne6 25. Nxh5 Bxe4 26. Qe2 Bd5 27. Ng5 Nh6 28. Qxb5
Bxb3 29. Qxb3 Nf5 30. Nf3 e4 31. Nd4 Nxh4 32. Rf1 Qa5 33. Nf4 Qg5 34. Ndxe6 Rxe6
35. Qb4 c5 36. Qb8+ Kh7 37. Rf2 Rh6 38. Nh3 Qxe3 39. Qf4 Qxf4 40. Rxf4 f5 0-1

[Event "27th Czech Open A 2016"]
[Site "Pardubice CZE"]
[Date "2016.07.23"]
[Round "2.50"]
[White "Lomakin, Viktor"]
[Black "Zwardon, Vojtech"]
[Result "1-0"]
[BlackTitle "IM"]
[WhiteElo "2173"]
[BlackElo "2421"]
[WhiteFideId "14101920"]
[BlackFideId "325511"]
[EventDate "2016.07.22"]

1. d4 Nf6 2. Nf3 e6 3. e3 b6 4. Bd3 Bb7 5. O-O c5 6. c4 cxd4 7. exd4 Be7 8. Nc3
O-O 9. b3 d5 10. Bb2 Nbd7 11. Qe2 Rc8 12. Rad1 Qc7 13. Ne5 dxc4 14. bxc4 Rfd8
15. f4 a6 16. a4 Nf8 17. Bc2 N6d7 18. Bb3 Bb4 19. Ne4 Ng6 20. Ng5 Ndxe5 21. fxe5
Rd7 22. Qh5 Nf8 23. Qg4 h6 24. Ne4 Bxe4 25. Qxe4 Qb7 26. Qg4 Ng6 27. Rf3 Ne7 28.
Rdf1 Nf5 29. Rxf5 exf5 30. Qxf5 Re7 31. d5 Qd7 32. Qe4 Bc5+ 33. Kh1 Rf8 34. Bc2
f5 35. Qd3 g6 36. e6 Qc7 37. g4 Rxe6 38. dxe6 Qc6+ 39. Qd5 1-0

[Event "27th Czech Open A 2016"]
[Site "Pardubice CZE"]
[Date "2016.07.23"]
[Round "2.51"]
[White "Domogaev, Sergey"]
[Black "Horacek, Michal"]
[Result "1/2-1/2"]
[WhiteTitle "GM"]
[WhiteElo "2419"]
[BlackElo "2128"]
[WhiteFideId "24103608"]
[BlackFideId "332526"]
[EventDate "2016.07.22"]

1. d4 Nf6 2. c4 g6 3. Nc3 Bg7 4. e4 d6 5. Be2 O-O 6. Bg5 c5 7. dxc5 Qa5 8. Bd2
Qxc5 9. Nf3 Be6 10. Be3 Qc8 11. Rc1 Nc6 12. O-O Ng4 13. Bg5 Re8 14. b3 h6 15.
Bh4 Nge5 16. Ne1 g5 17. Bg3 Ng6 18. Nd5 Nce5 19. Nc2 Bxd5 20. cxd5 Qc3 21. Ne3
Qb4 22. Nc4 Nxc4 23. Rxc4 Qa3 24. Qc2 b5 25. Rc7 b4 26. Bb5 Red8 27. Rb1 Qa5 28.
Bd3 Qb6 29. Rc6 Qd4 30. Bf1 a5 31. Bb5 Rab8 32. Qe2 Ra8 33. Rd1 Qb2 34. Rc2 Qf6
35. f3 h5 36. Bf2 Nf4 37. Qf1 g4 38. fxg4 hxg4 39. Bd4 Qh6 40. Qf2 Ng6 41. Be3
Qh5 42. Qf5 Qxf5 43. exf5 Ne5 44. Kf2 Bf6 45. Bc6 Rdc8 46. Rdc1 Nd3+ 47. Kg3
Nxc1 48. Rxc1 Bc3 49. Bxa8 Rxa8 50. a4 bxa3 51. Rxc3 a2 52. Rc1 Rb8 53. Ra1 Rxb3
54. Rxa2 Rxe3+ 55. Kxg4 Re4+ 56. Kg5 a4 57. g4 f6+ 58. Kh5 Kg7 59. h4 Rf4 60.
Ra3 Kf7 61. Rd3 Kg7 62. Rc3 Kf7 63. Rc8 a3 64. Ra8 Rf3 65. g5 Rxf5 66. Kh6 fxg5
67. hxg5 Rf4 68. g6+ Kf6 69. Rf8+ Ke5 70. Ra8 Kf6 71. Rf8+ 1/2-1/2

[Event "27th Czech Open A 2016"]
[Site "Pardubice CZE"]
[Date "2016.07.23"]
[Round "2.52"]
[White "ter Stal, Rainer"]
[Black "Bilguun, Sumiya"]
[Result "1/2-1/2"]
[BlackTitle "FM"]
[WhiteElo "2172"]
[BlackElo "2419"]
[WhiteFideId "12993603"]
[BlackFideId "4901541"]
[EventDate "2016.07.22"]

1. d4 d5 2. c4 e6 3. Nf3 c6 4. e3 Nf6 5. b3 Bb4+ 6. Nbd2 Nbd7 7. Bd3 e5 8. dxe5
Bc3 9. Rb1 Nxe5 10. Nxe5 Bxe5 11. Qc2 dxc4 12. Bxc4 Bc7 13. Ba3 1/2-1/2

[Event "27th Czech Open A 2016"]
[Site "Pardubice CZE"]
[Date "2016.07.23"]
[Round "2.53"]
[White "Ciolek, Andreas"]
[Black "Mohammad, Nubairshah Shaikh"]
[Result "0-1"]
[WhiteElo "2134"]
[BlackElo "2415"]
[WhiteFideId "12906727"]
[BlackFideId "5053196"]
[EventDate "2016.07.22"]

1. e4 c5 2. Nf3 e6 3. d3 Nc6 4. g3 g6 5. Bg2 Bg7 6. O-O Nge7 7. Re1 O-O 8. c3 d5
9. e5 b5 10. Bf4 a5 11. Nbd2 Qb6 12. Nf1 d4 13. Qd2 Rd8 14. c4 bxc4 15. dxc4 a4
16. h4 Ba6 17. Rec1 Na5 18. Bg5 Ra7 19. Bf6 Nxc4 20. Qg5 h6 21. Qf4 Qc7 22. Bxg7
Kxg7 23. N1h2 Nd5 24. Qe4 Nxb2 25. Ng4 h5 26. Nf6 Nxf6 27. exf6+ Kxf6 28. Ng5
Kg7 0-1

[Event "27th Czech Open A 2016"]
[Site "Pardubice CZE"]
[Date "2016.07.23"]
[Round "2.54"]
[White "Solozhenkina, Elizaveta"]
[Black "Stella, Andrea"]
[Result "0-1"]
[WhiteTitle "WFM"]
[BlackTitle "IM"]
[WhiteElo "2123"]
[BlackElo "2409"]
[WhiteFideId "34106615"]
[BlackFideId "827061"]
[EventDate "2016.07.22"]

1. e4 e6 2. d4 d5 3. Nc3 Nf6 4. e5 Nfd7 5. f4 c5 6. Nf3 Be7 7. Be3 O-O 8. Qd2 b6
9. O-O-O Nc6 10. h4 c4 11. f5 b5 12. Ng5 b4 13. Nb1 exf5 14. Qe2 h6 15. Qh5 Qa5
16. Nxf7 Rxf7 17. e6 Rf6 18. Bxc4 Rxe6 19. Qxf5 Nf6 20. Bxh6 dxc4 21. Qg6 Nh5
22. Qe8+ Bf8 0-1

[Event "27th Czech Open A 2016"]
[Site "Pardubice CZE"]
[Date "2016.07.23"]
[Round "2.55"]
[White "Makoto, Rodwell"]
[Black "Majer, Jiri Sr"]
[Result "1-0"]
[WhiteTitle "IM"]
[WhiteElo "2406"]
[BlackElo "2090"]
[WhiteFideId "11000120"]
[BlackFideId "314978"]
[EventDate "2016.07.22"]

1. Nf3 d5 2. c4 c6 3. g3 Nf6 4. Bg2 Bf5 5. Qb3 Qb6 6. d3 Qxb3 7. axb3 e6 8. Be3
Bb4+ 9. Nbd2 a5 10. Nd4 Bg6 11. Nc2 c5 12. Nxb4 cxb4 13. Bd4 Nbd7 14. cxd5 exd5
15. O-O O-O 16. Rfc1 b6 17. Rc6 Rfe8 18. Kf1 Rac8 19. Rac1 Rxc6 20. Rxc6 Rb8 21.
Nf3 Bf5 22. Nh4 Be6 23. f4 g6 24. h3 h5 25. Nxg6 fxg6 26. Rxe6 Kf7 27. Rc6 Rb7
28. Bf3 1-0

[Event "27th Czech Open A 2016"]
[Site "Pardubice CZE"]
[Date "2016.07.23"]
[Round "2.56"]
[White "Sazonova, Anastasia"]
[Black "Yagupov, Igor"]
[Result "1/2-1/2"]
[WhiteTitle "WFM"]
[BlackTitle "GM"]
[WhiteElo "2086"]
[BlackElo "2405"]
[WhiteFideId "24131008"]
[BlackFideId "4113632"]
[EventDate "2016.07.22"]

1. d4 d5 2. c4 c6 3. cxd5 cxd5 4. Bf4 Nc6 5. Nc3 Nf6 6. e3 e6 7. a3 Be7 8. Bd3
O-O 9. Rc1 Bd7 10. Nf3 Nh5 11. Bg3 f5 12. O-O Nxg3 13. hxg3 Rc8 14. b4 Bd6 15.
Qb3 Be8 16. Na4 b6 17. Nc3 Ne7 18. Rc2 h6 19. Rfc1 Rc7 20. Ne2 Rxc2 21. Rxc2 g5
22. Ne5 Kg7 23. Qc3 Rh8 24. Rc1 h5 25. Nf3 Kh6 26. Ne5 Kg7 27. Nf3 Kh6 28. Ne5 1/2-1/2

[Event "27th Czech Open A 2016"]
[Site "Pardubice CZE"]
[Date "2016.07.23"]
[Round "2.57"]
[White "Pfeufer, Lion"]
[Black "Duzhakov, Ilya"]
[Result "0-1"]
[BlackTitle "FM"]
[WhiteElo "2051"]
[BlackElo "2404"]
[WhiteFideId "4681444"]
[BlackFideId "4192516"]
[EventDate "2016.07.22"]

1. e4 c5 2. Nf3 d6 3. c4 e5 4. Nc3 f5 5. d3 Nf6 6. g3 Be7 7. Bg2 Nc6 8. exf5
Bxf5 9. Ng5 Qd7 10. a3 O-O 11. Be3 h6 12. Nge4 Bh3 13. O-O Bxg2 14. Kxg2 Ne8 15.
Nd5 Nf6 16. Nec3 Rae8 17. f4 Bd8 18. Rb1 Ng4 19. Bg1 exf4 20. Nxf4 Bf6 21. Ne4
Bd4 22. Qd2 Bxg1 23. Kxg1 Nd4 24. Kg2 Nb3 25. Qe2 Nd4 26. Qd2 Nb3 27. Qe2 b5 28.
h3 Ne5 29. Qd1 bxc4 30. dxc4 Nd4 31. b3 Nxc4 32. bxc4 Rxe4 33. Qh5 Re5 34. Qg6
Nf5 35. Kh2 Qe8 36. Qxe8 Rfxe8 37. Rb7 R5e7 38. Rb2 Ne3 39. Rc1 Re4 40. Rb7 R8e7
41. Rxe7 Rxe7 42. Kg1 Rb7 43. Kf2 Nf5 44. Rc3 Nd4 45. Ke3 Re7+ 46. Kf2 a5 47.
Nd5 Re2+ 48. Kf1 Kf7 49. g4 Rc2 50. Rxc2 Nxc2 51. a4 Ke6 0-1

[Event "27th Czech Open A 2016"]
[Site "Pardubice CZE"]
[Date "2016.07.23"]
[Round "2.58"]
[White "Roy, Prantik"]
[Black "Krupica, Pavel"]
[Result "1-0"]
[WhiteTitle "IM"]
[WhiteElo "2403"]
[BlackElo "1905"]
[WhiteFideId "5035120"]
[BlackFideId "314951"]
[EventDate "2016.07.22"]

1. d4 d5 2. Nf3 Nf6 3. c4 c6 4. Qc2 e6 5. g3 Bd6 6. Bg2 Nbd7 7. O-O dxc4 8. Qxc4
O-O 9. Nc3 e5 10. Bg5 exd4 11. Qxd4 Be7 12. Rad1 Qb6 13. Qd2 Nc5 14. Qc2 Ne6 15.
Be3 Qa5 16. h3 Nc7 17. g4 Be6 18. Nd4 Bd5 19. Nf5 Rfe8 20. Nxd5 Nfxd5 21. Bd4
Bf6 22. Bxf6 Nxf6 23. Nd6 Reb8 24. Qc4 Ne6 25. e4 Ne8 26. e5 Qc7 27. Rd2 Rd8 28.
Rfd1 Nxd6 29. exd6 Qd7 30. Qc3 Re8 31. Qg3 Rad8 32. b4 Nf8 33. Qa3 a6 34. Qg3
Re6 35. h4 Rde8 36. Bh3 Re1+ 37. Rxe1 Rxe1+ 38. Kh2 Re4 39. g5 Ne6 40. a3 Qe8
41. Bf5 Rd4 42. Rxd4 Nxd4 43. d7 Qd8 44. Qe3 Ne6 45. Bxe6 fxe6 46. Qxe6+ Kf8 47.
Qd6+ Kf7 48. f4 1-0

[Event "27th Czech Open A 2016"]
[Site "Pardubice CZE"]
[Date "2016.07.23"]
[Round "2.59"]
[White "Grishaev, Igor"]
[Black "Potapov, Alexander1"]
[Result "0-1"]
[BlackTitle "GM"]
[WhiteElo "1949"]
[BlackElo "2401"]
[WhiteFideId "4197925"]
[BlackFideId "4115074"]
[EventDate "2016.07.22"]

1. d4 f5 2. Bg5 g6 3. Nd2 Bg7 4. e3 Nh6 5. Bc4 d5 6. Bb3 Nf7 7. Ngf3 c5 8. c3
Nxg5 9. Nxg5 e5 10. Qf3 c4 11. Ba4+ Nc6 12. h4 O-O 13. Bxc6 bxc6 14. dxe5 Bxe5
15. Rd1 Qf6 16. Qe2 Rb8 17. f4 Bd6 18. Ndf3 Re8 19. g3 h5 20. O-O Rb7 21. Qd2
Bc5 22. Nd4 Rbe7 23. Rfe1 Bb6 24. Ngf3 Bb7 25. Ne5 Rxe5 26. fxe5 Qxe5 27. Kh2
Bc7 28. Ne2 Qf6 29. Nf4 Re4 30. Rf1 Kg7 31. Rf3 Qe7 32. Re1 c5 33. Rff1 d4 34.
exd4 Bxf4 35. Qxf4 Rxe1 36. Rxe1 Qxe1 37. Qc7+ Kf6 38. Qxb7 cxd4 39. cxd4 Qf2+
40. Kh3 Qxd4 41. Qc6+ Kg7 42. Qb7+ Kf6 43. Qc6+ Ke5 44. a4 Qd5 45. Qc7+ Ke4 46.
Qxa7 f4 47. gxf4 Kf3 48. Qg1 Qf5+ 49. Kh2 Qxf4+ 50. Kh3 Qg4+ 51. Qxg4+ hxg4+ 0-1

[Event "27th Czech Open A 2016"]
[Site "Pardubice CZE"]
[Date "2016.07.23"]
[Round "2.60"]
[White "Chigaev, Maksim"]
[Black "Praveen, Kumar C"]
[Result "1-0"]
[WhiteTitle "IM"]
[BlackTitle "IM"]
[WhiteElo "2549"]
[BlackElo "2246"]
[WhiteFideId "4108116"]
[BlackFideId "5007372"]
[EventDate "2016.07.22"]

1. c4 e6 2. g3 f5 3. Bg2 Nf6 4. Nf3 Be7 5. O-O O-O 6. d4 d6 7. Nc3 Qe8 8. b3 Ne4
9. Bb2 Nxc3 10. Bxc3 Bf6 11. Qd3 Qg6 12. Rac1 Nc6 13. d5 Nd8 14. dxe6 Nxe6 15.
b4 Bd7 16. c5 Bc6 17. Qc4 Bxc3 18. Rxc3 Qf7 19. Rd1 Rad8 20. cxd6 Rxd6 21. Rxd6
cxd6 22. Rd3 Ng5 23. Qxf7+ Nxf7 24. Nd4 Be4 25. Rc3 Ne5 26. f4 Ng4 27. Rc7 Rf7
28. Rc8+ Rf8 29. Nxf5 Rxc8 30. Ne7+ Kf8 31. Nxc8 Bxg2 32. Kxg2 Ne3+ 33. Kf2 Nd5
34. a3 1-0

[Event "27th Czech Open A 2016"]
[Site "Pardubice CZE"]
[Date "2016.07.23"]
[Round "2.61"]
[White "Gundavaa, Bayarsaikhan"]
[Black "Fuchs, Florian"]
[Result "1-0"]
[WhiteTitle "GM"]
[WhiteElo "2503"]
[BlackElo "2274"]
[WhiteFideId "4901045"]
[BlackFideId "24651737"]
[EventDate "2016.07.22"]

1. d4 Nf6 2. c4 g6 3. Nc3 Bg7 4. g3 O-O 5. Bg2 d6 6. Nf3 Nc6 7. O-O a6 8. Bf4
Nd7 9. Rc1 e5 10. Bg5 f6 11. Be3 Rb8 12. Qd2 Ne7 13. c5 exd4 14. Nxd4 Nxc5 15.
Rfd1 Kh8 16. b4 Ne6 17. b5 Nxd4 18. Bxd4 c6 19. Bc5 d5 20. e4 b6 21. Bxe7 Qxe7
22. bxc6 dxe4 23. Qf4 Be6 24. Nxe4 Rbc8 25. Re1 g5 26. Qd6 Qf7 27. c7 Rfe8 28.
Qxb6 Bxa2 29. Nd6 Rxe1+ 30. Rxe1 Qxc7 31. Qxc7 Rxc7 32. Re8+ Bf8 33. Rxf8+ Kg7
34. Ra8 Rc1+ 35. Bf1 Bb1 36. Kg2 Kg6 37. Rg8+ Kh6 38. Nf7+ Kh5 39. Be2+ g4 40.
Bxg4# 1-0

[Event "27th Czech Open A 2016"]
[Site "Pardubice CZE"]
[Date "2016.07.23"]
[Round "2.62"]
[White "Strugnell, Carl"]
[Black "Pardo Simon, David"]
[Result "0-1"]
[WhiteTitle "FM"]
[BlackTitle "IM"]
[WhiteElo "2238"]
[BlackElo "2492"]
[WhiteFideId "616753"]
[BlackFideId "2296276"]
[EventDate "2016.07.22"]

1. e4 g6 2. d4 Bg7 3. Nf3 d6 4. c3 Nf6 5. Bd3 O-O 6. O-O Nbd7 7. Re1 e5 8. h3
Qe7 9. Be3 Nh5 10. Na3 h6 11. Bf1 b6 12. Nc4 Bb7 13. dxe5 dxe5 14. Nfd2 Nc5 15.
Qg4 Rad8 16. Bxc5 Qxc5 17. b4 Qc6 18. a4 Nf4 19. b5 Qc5 20. Nb3 Qe7 21. g3 Bc8
22. Qf3 Nxh3+ 23. Bxh3 Bxh3 24. Ne3 Be6 25. c4 f5 26. Nd5 Bxd5 27. cxd5 fxe4 28.
Qxe4 Qf7 29. Qc2 Rxd5 30. Re4 Rfd8 31. Rae1 Kh7 32. Kg2 h5 33. R1e3 Rd1 34. Rc4
R8d7 35. Rc6 R1d6 36. Rc4 Rd1 37. Rc6 Qd5+ 38. Qe4 Qxe4+ 39. Rxe4 Rb1 40. Rc3
Rb2 41. Rf3 Kg8 42. g4 Rf7 43. Nc1 Rxf3 44. Kxf3 Rd2 45. gxh5 gxh5 46. Ne2 Rd3+
47. Kg2 Bf6 48. Rc4 Bd8 49. Re4 Bf6 50. Rc4 Rd7 51. Ng3 h4 52. Nf5 Rh7 53. Kh3
Kf8 54. Ne3 Rd7 55. Rc6 Bd8 56. Nf5 Rd3+ 57. Kg4 Ra3 58. Rh6 Rxa4+ 59. Kh3 Ke8
60. Re6+ Kd7 61. Rxe5 a6 62. bxa6 Rxa6 63. Nxh4 Ra3+ 0-1

[Event "27th Czech Open A 2016"]
[Site "Pardubice CZE"]
[Date "2016.07.23"]
[Round "2.63"]
[White "Lorscheid, Gerhard"]
[Black "Zumsande, Martin"]
[Result "0-1"]
[WhiteTitle "FM"]
[BlackTitle "IM"]
[WhiteElo "2240"]
[BlackElo "2487"]
[WhiteFideId "4606000"]
[BlackFideId "4651324"]
[EventDate "2016.07.22"]

1. d4 d5 2. c4 e6 3. Nc3 Be7 4. Bf4 Nf6 5. e3 O-O 6. Nf3 c5 7. dxc5 Bxc5 8. a3
Nc6 9. Be2 dxc4 10. Qc2 Nd5 11. Bxc4 Nxf4 12. exf4 Qc7 13. Qe4 f5 14. Qe2 Qxf4
15. Bxe6+ Kh8 16. Bxc8 Raxc8 17. O-O Nd4 18. Nxd4 Bxd4 19. Rad1 Bxc3 20. bxc3
Qc7 21. Qe6 Rf6 22. Qd7 h6 23. Rfe1 Qxd7 24. Rxd7 Rxc3 25. Rxb7 Rxa3 26. h4 Rg6
27. Rf7 Rg4 28. f3 Rxf3 29. Re8+ Kh7 30. h5 Rh3 31. Rxf5 Rhh4 32. Ra8 Ra4 33. g3
Ra1+ 34. Kg2 Ra2+ 35. Kf3 Rh1 36. Kg4 Ra4+ 37. Rf4 Ra5 38. Rc4 Rhxh5 39. Rc7
Rhg5+ 0-1

[Event "27th Czech Open A 2016"]
[Site "Pardubice CZE"]
[Date "2016.07.23"]
[Round "2.64"]
[White "Haba, Petr"]
[Black "Commercon, Simon"]
[Result "1/2-1/2"]
[WhiteTitle "GM"]
[WhiteElo "2484"]
[BlackElo "2221"]
[WhiteFideId "300160"]
[BlackFideId "24620998"]
[EventDate "2016.07.22"]

1. e4 d5 2. exd5 Qxd5 3. Nc3 Qd6 4. d4 Nf6 5. Nf3 g6 6. Nb5 Qd8 7. Be2 a6 8. Na3
Bg7 9. O-O O-O 10. c3 Nbd7 11. Nc4 Nd5 12. a4 N7f6 13. Nfe5 Be6 14. Bf3 c6 15.
Bg5 Ne8 16. Qe2 h6 17. Bd2 Ndc7 18. Na5 Nd6 19. Rfe1 Rb8 20. b4 Kh7 21. Rac1 Bd5
22. Bg4 f5 23. Bf3 Bxf3 24. Qxf3 Ne4 25. Bf4 Nd5 26. Nexc6 bxc6 27. Nxc6 Qb6 28.
Nxb8 Rxb8 29. Bxb8 Qxb8 30. Rxe4 fxe4 31. Qxe4 Qd6 32. g3 Nb6 33. a5 Nc4 34. Qb7
Qe6 35. b5 axb5 36. Qxb5 Nd2 37. Qb7 Qe2 38. a6 Ne4 39. Rf1 Nd2 40. Rc1 Ne4 41.
Rf1 Nd2 42. Rc1 1/2-1/2

[Event "27th Czech Open A 2016"]
[Site "Pardubice CZE"]
[Date "2016.07.23"]
[Round "2.65"]
[White "Chovan, Milan"]
[Black "Puranik, Abhimanyu"]
[Result "0-1"]
[WhiteTitle "FM"]
[BlackTitle "IM"]
[WhiteElo "2226"]
[BlackElo "2475"]
[WhiteFideId "14933691"]
[BlackFideId "5061245"]
[EventDate "2016.07.22"]

1. c4 e5 2. g3 Nf6 3. Bg2 Nc6 4. Nc3 Bb4 5. Nd5 Bc5 6. e3 d6 7. Ne2 Nxd5 8. cxd5
Ne7 9. O-O O-O 10. d4 exd4 11. Nxd4 Bb6 12. b3 Bd7 13. Bb2 Re8 14. Rc1 Qc8 15.
Re1 Bh3 16. Bh1 Qd7 17. Qd2 Ng6 18. a4 Re7 19. Nc2 a6 20. a5 Bc5 21. Bd4 Bxd4
22. Nxd4 Ne5 23. f4 Ng4 24. e4 Nf6 25. Qb4 Qe8 26. Nc2 Rb8 27. Qd4 Qb5 28. e5
Rbe8 29. b4 Ng4 30. e6 fxe6 31. dxe6 Nf6 32. Na3 Qa4 33. Qb2 d5 34. Re5 Rxe6 35.
Bxd5 Nxd5 36. Rxd5 Re2 37. Qc3 R2e3 38. Rd3 Rxd3 39. Qxd3 Qxb4 40. Qc4+ Qxc4 41.
Nxc4 Re2 42. Ne5 Rg2+ 43. Kh1 Rb2 44. Kg1 c6 45. Nc4 Rg2+ 46. Kh1 Ra2 47. Nd6
Rxa5 48. Nxb7 Ra2 49. Kg1 a5 50. Nd6 a4 51. Rxc6 Rg2+ 52. Kh1 Rf2 53. Rc1 a3 54.
Nb5 a2 55. Na3 Rf3 56. Nc2 Rc3 0-1

[Event "27th Czech Open A 2016"]
[Site "Pardubice CZE"]
[Date "2016.07.23"]
[Round "2.66"]
[White "Davletbayeva, Madina"]
[Black "Abergel, Thal"]
[Result "0-1"]
[WhiteTitle "WIM"]
[BlackTitle "GM"]
[WhiteElo "2235"]
[BlackElo "2457"]
[WhiteFideId "13703595"]
[BlackFideId "614890"]
[EventDate "2016.07.22"]

1. e4 e5 2. Bc4 d6 3. Nf3 Be7 4. O-O Nf6 5. d3 O-O 6. Re1 c6 7. a4 Kh8 8. c3 Ng8
9. d4 d5 10. Bb3 exd4 11. cxd4 Be6 12. Nc3 Na6 13. exd5 cxd5 14. Ne5 Nb4 15. Nd3
Nxd3 16. Qxd3 Bf6 17. Bf4 Ne7 18. Nb5 a6 19. Rxe6 fxe6 20. Nc7 e5 21. Ne6 e4 22.
Qh3 Qb6 23. a5 Qb4 24. Nxf8 Rxf8 25. Qc3 Qxd4 26. Bd6 Qa7 27. Qc5 Qxc5 28. Bxc5
Rd8 29. Rd1 d4 30. Bb6 Rd7 31. Re1 d3 32. Rxe4 d2 33. Bd1 Bxb2 34. Kf1 g6 35.
Be3 Kg7 36. Ke2 Bc3 0-1

[Event "27th Czech Open A 2016"]
[Site "Pardubice CZE"]
[Date "2016.07.23"]
[Round "2.67"]
[White "Gusain, Himal"]
[Black "Holtman, Teodor"]
[Result "0-1"]
[WhiteElo "2453"]
[BlackElo "2238"]
[WhiteFideId "5033861"]
[BlackFideId "14933721"]
[EventDate "2016.07.22"]

1. e4 d5 2. exd5 Nf6 3. d4 Bg4 4. f3 Bf5 5. Bb5+ Nbd7 6. c4 a6 7. Ba4 b5 8. cxb5
Nxd5 9. Ne2 Nb4 10. O-O axb5 11. Bb3 e6 12. Nbc3 c5 13. Nxb5 Qb6 14. Ba4 Bd3 15.
Nbc3 cxd4 16. Bxd7+ Kxd7 17. Ne4 Bxe2 18. Qxe2 f5 19. Nf2 Bd6 20. Kh1 Qa6 21.
Qd1 Qc4 22. b3 Qd5 23. Bb2 Rhc8 24. Qxd4 Qxd4 25. Bxd4 e5 26. Bb2 Rc2 27. Bc1
Raxa2 28. Be3 Nd5 29. Ba7 Rcb2 30. Kg1 Ke6 31. Rfe1 Rxa7 32. Rxa7 Rxf2 33. Rxg7
Bc5 34. Kh1 Nf4 35. Rc1 Nd3 36. Ra1 e4 37. Ra6+ Ke5 38. h4 e3 39. Ra5 e2 40.
Re7+ Kf4 41. Kh2 Bxe7 0-1

[Event "27th Czech Open A 2016"]
[Site "Pardubice CZE"]
[Date "2016.07.23"]
[Round "2.68"]
[White "Poulopoulos, Ioannis"]
[Black "Neuman, Petr"]
[Result "1/2-1/2"]
[BlackTitle "GM"]
[WhiteElo "2212"]
[BlackElo "2446"]
[WhiteFideId "4218078"]
[BlackFideId "305243"]
[EventDate "2016.07.22"]

1. d4 Nf6 2. Nf3 d6 3. c3 Nbd7 4. Bg5 h6 5. Bh4 g5 6. Bg3 Nh5 7. e4 Bg7 8. Nbd2
e6 9. Nc4 Qe7 10. Nfd2 Nxg3 11. hxg3 b6 12. Ne3 Bb7 13. Qc2 a6 14. Bd3 c5 15.
dxc5 Nxc5 16. O-O O-O 17. Rae1 b5 18. Nb3 Rac8 19. Nxc5 Rxc5 20. Qe2 Rb8 21. f4
Bc8 22. f5 exf5 23. Nxf5 Bxf5 24. Rxf5 Rxf5 25. exf5 Qxe2 26. Rxe2 Be5 27. Kf2
Kg7 28. c4 b4 29. b3 a5 30. g4 Kf6 1/2-1/2